My favourite footballers of all time - Statistics

General Stats
  • This quiz has been taken 13 times
  • The average score is 32 of 100
Answer Stats
Hint Answer % Correct
1-Portugal Cristiano Ronaldo
100%
3-Argentina Messi
100%
2-Brazil Pelé
92%
7-Brasil Ronaldo
92%
6-Argentina Maradona
85%
8-Spain/Argentina Di stefano
77%
43-Spain Luis Suarez
77%
5-Netherlands Cruyff
69%
4-Spain Iniesta
69%
9-Hungary Puskas
69%
12-Spain Xavi
69%
11-France Zidane
69%
14-Northern Ireland Best
62%
100-Italy Buffon
62%
26-Germany Muller
62%
66-Germany Lahm
54%
25-France Platini
54%
41-Spain Ramos
54%
30-Spain Raúl
54%
36-Brasil Romario
54%
16-Brasil Ronaldinho
54%
10-Germany Beckenbauer
46%
77-Brasil Cafú
46%
69-Spain Casillas
46%
33-Portugal Eusebio
46%
53-France Henry
46%
64-Germany Klose
46%
13-Italy Maldini
46%
50-Croatia Modric
46%
72-Spain Puyol
46%
94-Brasil Roberto Carlos
46%
27-Italy Baggio
38%
22-England Charlton
38%
98-Mexico Hugo Sanchez
38%
99-England Lampard
38%
92-France Mbappe
38%
63-Italy Pirlo
38%
78-Brasil Rivaldo
38%
93-Bulgaria Stoichkov
38%
35-Brasil Zico
38%
55-Italy Cannavaro
31%
86-Brazil Kaká
31%
85-England Lineker
31%
38-England Moore
31%
96-Czechia Nedved
31%
71-Ukraine Shevchenko
31%
97-Spain Torres
31%
28-Netherlands Van Basten
31%
60-Spain Villa
31%
29-Italy Baresi
23%
42-Scotland Dalglish
23%
83-Italy Del Piero
23%
34-Brasil Garrincha
23%
70-Wales Giggs
23%
46-Netherlands Gullit
23%
89-Denmark Laudrup
23%
18-Germany Matthaus
23%
82-Netherlands Rijkaard
23%
76-England Scholes
23%
51-Brasil Sócrates
23%
75-France Vieira
23%
31-Ussr Yashin
23%
65-England Banks
15%
61-Netherlands Bergkamp
15%
56-Spain Butragueno
15%
39-France Fontaine
15%
87-Argentina Kempes
15%
74-Germany Klinsmann
15%
37Argentina Passarella
15%
62-Italy Rivera
15%
73-Italy Rossi
15%
48-Germany Rummenigge
15%
91-Denmark Schmeichel
15%
52-Argentina Zanetti
15%
20-Spain Aspas
8%
58-England Dean
8%
59-Brasil Didi
8%
45-Spain Gento
8%
81-Romania Hagi
8%
24-France Kopa
8%
68-Scotland Law
8%
21-Czechia Masopust
8%
23-England Matthews
8%
47-Italy Meazza
8%
44-Sweden Nordahl
8%
88-Argentina Riquelme
8%
90-Netherlands Seedorf
8%
54-Germany Walter
8%
19-Uruguay Andrade
0%
67-Perú Cubillas
0%
49-Chile Figueroa
0%
40-Hungary Hidegkuti
0%
80-Spain Hierro
0%
95-Hungary Kocsis
0%
15-Brasil Leonidas
0%
57-Italy Mazzola
0%
17-Argentina Moreno
0%
84-Germany Netzer
0%
32-Uruguay Scchiaffino
0%
79-Argentina Sivori
0%
No matching quizzes found
Score Distribution
Percent of People with Each Score
Percentile by Number Answered
Your Score History
You have not taken this quiz